[Event "World Youth U16 Olympiad 2012"]
[Site "Istanbul TUR"]
[Date "2012.08.30"]
[Round "2.3"]
[White "Vanagas,T"]
[Black "Sanzhaev,D"]
[Result "0-1"]
[WhiteElo "2067"]
[BlackElo "2335"]

1.d4 d5 2.c4 c6 3.Nf3 Nf6 4.Nc3 e6 5.e3 Nbd7 6.Qc2 Bd6 7.g4 dxc4 8.g5 Nd5
9.Bxc4 e5 10.Ne4 Bb4+ 11.Bd2 Bxd2+ 12.Qxd2 Qe7 13.O-O-O exd4 14.Qxd4 O-O
15.Bxd5 cxd5 16.Nc3 Nb6 17.Ne5 Bf5 18.h4 Rac8 19.h5 Rfe8 20.f4 Nc4 21.Nxc4 Rxc4
22.Qxa7 Qe4 23.Kd2 Qd3+ 24.Ke1 Rxe3+  0-1

[Event "40th Olympiad Open"]
[Site "Istanbul TUR"]
[Date "2012.08.30"]
[Round "3.7"]
[White "Sargissian,G"]
[Black "Illescas Cordoba,M"]
[Result "1/2-1/2"]
[WhiteElo "2693"]
[BlackElo "2601"]

1.d4 d5 2.c4 c6 3.Nc3 Nf6 4.e3 e6 5.Nf3 a6 6.b3 Bb4 7.Bd2 Nbd7 8.Bd3 O-O
9.O-O Bd6 10.Re1 h6 11.Rc1 e5 12.cxd5 cxd5 13.dxe5 Nxe5 14.Nxe5 Bxe5 15.Ne2 Ng4
16.g3 Bb2 17.Rc2 Ne5 18.Bb4 Nf3+ 19.Kg2 Nxe1+ 20.Qxe1 Be5 21.Bxf8 Qxf8 22.Qa5 Qd6
23.Nf4 Bxf4 24.exf4 Bd7 25.Qc7 Qxc7 26.Rxc7 Bc6 27.Kf1 a5 28.Ke2 Re8+ 29.Kd2 Kf8
30.Kc3 Re7 31.Rc8+ Re8 32.Rxe8+ Kxe8 33.Kd4 Kd7 34.Bh7 b6 35.a3 Ke7 36.f5 Kf8
37.f4 Bb7 38.f6 gxf6 39.b4 axb4 40.axb4 Ke7 41.b5 Ke6 42.g4 Kd6 43.Bf5 Ke7
44.h3 Ke8 45.h4 Ke7 46.h5 Ke8 47.Bc2 Ke7 48.Bd1 Bc8 49.Kxd5 Bb7+ 50.Kd4 Bg2
51.Ke3 Bd5 52.Bf3 Bc4 53.Be2 Bd5 54.Kd4 Bg2 55.Ke3 Bd5 56.Kf2 Be6 57.Kg3 Bd5
58.Kh4 Kf8 59.g5 fxg5+ 60.fxg5 Kg7 61.Kg4 Be6+ 62.Kf4 hxg5+ 63.Kxg5 f6+ 64.Kf4 Kh6
65.Bg4 Bc4 66.Kf5 Bxb5 67.Kxf6 Be8 68.Ke5 Bxh5 69.Bxh5 Kxh5 70.Kd5 b5 71.Kc5 b4
72.Kxb4  1/2-1/2

[Event "40th Olympiad Open"]
[Site "Istanbul TUR"]
[Date "2012.08.30"]
[Round "3.64"]
[White "Bae,Junggi"]
[Black "Jones,Ru"]
[Result "1-0"]
[WhiteElo "1730"]
[BlackElo "1941"]

1.d4 Nf6 2.c4 e6 3.Nf3 c6 4.Nc3 d5 5.e3 Be7 6.b3 Qa5 7.Bd2 Qc7 8.Ne5 Nbd7
9.f4 a6 10.Bd3 b5 11.c5 b4 12.Na4 a5 13.Qe2 Nxe5 14.fxe5 Nd7 15.O-O f5 16.exf6 Nxf6
17.Be1 O-O 18.Bh4 e5 19.Bg3 Bg4 20.Qc2 Nd7 21.Bxh7+ Kh8 22.Bf5 Bxf5 23.Rxf5 Rxf5
24.Qxf5 Bf6 25.Rf1 Kg8 26.Qe6+ Kh8 27.Rf5 Kh7 28.Qf7 Rf8 29.Rh5+  1-0

[Event "40th Olympiad Open"]
[Site "Istanbul TUR"]
[Date "2012.08.30"]
[Round "3.61"]
[White "Lima,Osvaldo Dos Santos"]
[Black "Njobvu,I"]
[Result "0-1"]
[WhiteElo "1719"]
[BlackElo "2226"]

1.c4 e6 2.d4 d5 3.Nf3 c6 4.Nc3 Nf6 5.e3 Nbd7 6.Bd3 dxc4 7.Bxc4 b5 8.Bd3 Bb7
9.O-O a6 10.Ne2 c5 11.Ng3 c4 12.Be2 h5 13.Re1 h4 14.Nf1 h3 15.g3 Ne4 16.N1d2 Ndf6
17.Nxe4 Nxe4 18.Nd2 Ng5 19.Bf3 Nxf3+ 20.Nxf3 Bb4 21.e4 Bxe1 22.Qxe1 f6 23.Bd2 Kf7
24.Bb4 Qb6 25.Qe3 g5 26.Bc5 Qc6 27.Re1 Rhg8 28.g4 Rac8 29.Bb4 Kg6 30.a3 Qc7
31.Kh1 Qf4 32.Qe2 Kg7 33.Nd2 f5 34.gxf5 exf5 35.f3 Rce8 36.Bc3 Kh7 37.e5 g4
38.Qe3 Qxe3 39.Rxe3 gxf3 40.Rxf3 Rg4  0-1

[Event "40th Olympiad Open"]
[Site "Istanbul TUR"]
[Date "2012.08.30"]
[Round "3.62"]
[White "Bacchas,Clevert"]
[Black "Al Hageri,B"]
[Result "1-0"]
[WhiteElo "1944"]
[BlackElo "2072"]

1.d4 Nf6 2.c4 c6 3.Nc3 d5 4.e3 e6 5.Nf3 Nbd7 6.Bd3 dxc4 7.Bxc4 b5 8.Bd3 Bb7
9.O-O a6 10.Bd2 c5 11.Rc1 Rc8 12.Re1 Nb6 13.Ne2 Na4 14.b3 Nb2 15.Qc2 Nxd3
16.Qxd3 Ne4 17.Ng3 Nxd2 18.Nxd2 cxd4 19.exd4 Rxc1 20.Rxc1 Be7 21.Nf3 O-O
22.Ne4 Qd5 23.Nc5 Bc8 24.Qe4 Rd8 25.Ne5 Bg5 26.Qxd5 Rxd5 27.Rd1 a5 28.g3 Be7
29.Ne4 b4 30.Rc1 Ba6 31.Rc7 Bd8 32.Ra7 Bb5 33.Nxf7 Bb6 34.Rb7 Bxd4 35.Ned6 h6
36.Rb8+ Kh7 37.Rxb5 Bc5 38.Kg2 Kg6 39.Ne4 Be7 40.Rxd5 exd5 41.Ne5+ Kf5 42.Nc6 Kxe4
43.Nxe7 d4 44.f3+ Kd3 45.Kf2 Kc2 46.Nd5 Kb2 47.Nb6 Kxa2 48.Nc4 Kxb3 49.Nxa5+ Kc3
50.Ke2 Kc2 51.Nc4 d3+ 52.Ke3 b3 53.f4 Kc3 54.Nd2 b2 55.g4  1-0

[Event "40th Olympiad Open"]
[Site "Istanbul TUR"]
[Date "2012.08.30"]
[Round "3.74"]
[White "Garcia,Bernardo"]
[Black "Abdul Rahman,A"]
[Result "0-1"]
[WhiteElo "1663"]
[BlackElo "1912"]

1.c4 e6 2.d4 d5 3.e3 Nf6 4.Nf3 c6 5.Nc3 Bd6 6.Be2 Ne4 7.O-O O-O 8.Bd3 f5
9.Ne5 Nd7 10.f4 a6 11.c5 Bc7 12.Bd2 Bxe5 13.Bxe4 Bxf4 14.Bf3 Bc7 15.Ne2 Nf6
16.Be1 Qe7 17.Bg3 e5 18.Bh4 e4 19.Bxf6 Qxf6 20.Bg4 Qg5 21.Bh3 Qxe3+ 22.Kh1 f4
23.Bxc8 Raxc8 24.Ng1 Rf6 25.Re1 Qf2 26.Qg4 Rcf8 27.Rad1 Rg6 28.Re2 Qxg1+
29.Kxg1 Rxg4 30.Rf1 f3 31.Ref2 Bf4 32.g3 Be3 33.Re1 Bxd4  0-1

[Event "World Youth U16 Olympiad 2012"]
[Site "Istanbul TUR"]
[Date "2012.08.31"]
[Round "4.16"]
[White "Dale,Ari"]
[Black "Van De Venter,Waldo"]
[Result "1-0"]
[WhiteElo "2184"]
[BlackElo "1914"]

1.d4 d5 2.c4 c6 3.Nc3 Nf6 4.e3 e6 5.Nf3 Nbd7 6.Qc2 Bd6 7.g4 Nxg4 8.Rg1 h5
9.h3 Qf6 10.Be2 Nh2 11.Ng5 Ng4 12.f4 Nh6 13.Bxh5 g6 14.Be2 Nf5 15.Bd2 b6
16.O-O-O Bb7 17.Qd3 c5 18.cxd5 exd5 19.dxc5 Nxc5 20.Qb5+ Ke7 21.Nxd5+ Bxd5
22.Bc3 Nd4 23.Bxd4 Qf5 24.Bg4 Rac8 25.Bxf5 gxf5 26.Kb1  1-0

[Event "40th Olympiad Open"]
[Site "Istanbul TUR"]
[Date "2012.08.31"]
[Round "4.53"]
[White "Gauci,J"]
[Black "Samhouri,A"]
[Result "0-1"]
[WhiteElo "2133"]
[BlackElo "2373"]

1.d4 Nf6 2.Nf3 d5 3.c4 c6 4.Nc3 e6 5.e3 Nbd7 6.Qc2 Bd6 7.Bd3 O-O 8.O-O dxc4
9.Bxc4 b5 10.Be2 Bb7 11.Rd1 Qb8 12.h3 Re8 13.b3 e5 14.dxe5 Nxe5 15.Bb2 Nxf3+
16.Bxf3 Bh2+ 17.Kh1 Be5 18.Kg1 a5 19.Rac1 Qa7 20.Ne2 c5 21.Bxb7 Qxb7 22.Bxe5 Rxe5
23.Ng3 h5 24.h4 Ng4 25.Rd6 Qe7 26.Qd3 Qxh4 27.e4 Nxf2 28.Kxf2 Qf4+ 29.Qf3 Qxc1
30.Rd7 Rf8 31.Qe2 Qf4+  0-1

[Event "40th Olympiad Open"]
[Site "Istanbul TUR"]
[Date "2012.08.31"]
[Round "4.50"]
[White "Njobvu,I"]
[Black "Izijk,J"]
[Result "1-0"]
[WhiteElo "2226"]
[BlackElo "2066"]

1.d4 d5 2.c4 e6 3.Nc3 c6 4.e3 Nf6 5.Nf3 Bd6 6.Qc2 Nbd7 7.Be2 O-O 8.O-O a6
9.e4 dxe4 10.Nxe4 Nxe4 11.Qxe4 Nf6 12.Qh4 h6 13.Rd1 Nd7 14.Qe4 Nf6 15.Qc2 Qe7
16.c5 Bc7 17.Bf1 Nd5 18.b3 Qf6 19.Bb2 Rd8 20.Re1 Bd7 21.Ne5 Be8 22.Bc4 Qe7
23.Qe4 Nf6 24.Qf3 Nd7 25.Ng4 Nf8 26.Re4 Nh7 27.Nxh6+ gxh6 28.Rg4+ Ng5 29.h4 f5
30.Qxf5 Bf7 31.Qe4 Kf8 32.hxg5 h5 33.Rh4 Qxg5 34.Rh3 Ke7 35.Bc1 Qg7 36.Be3 Rg8
37.Re1 Rae8 38.d5 cxd5 39.Bxd5 Qg4 40.Rh1 Qxe4 41.Bxe4 Rb8 42.g3 Rg7 43.Kg2 b6
44.Rd1 Be8 45.Bf3 Rh7 46.cxb6 Bxb6 47.Bg5+ Kf8 48.Rd6 e5 49.Rhd1 Bd4 50.Rxa6 Rc7
51.Be4 Rbc8 52.Rh6 Bc6 53.Bxc6 Rxc6 54.Rxc6 Rxc6 55.Kf3 Rc3+ 56.Ke2 Kf7 57.Rc1 Ke6
58.Rxc3 Bxc3 59.Kd3 Be1 60.Ke2 Bb4 61.Bd2 Be7 62.Kd3 Kd5 63.Be3 Bb4 64.Ba7 Be1
65.a3 Ba5 66.b4 Bd8 67.Be3 e4+ 68.Kc3 Bf6+ 69.Kb3 h4 70.gxh4 Bxh4 71.a4 Bf6
72.a5 Bd8 73.a6  1-0

[Event "40th Olympiad Open"]
[Site "Istanbul TUR"]
[Date "2012.08.31"]
[Round "4.73"]
[White "Tarlabasi,Emirhan"]
[Black "Bacchas,Clevert"]
[Result "1/2-1/2"]
[WhiteElo "1740"]
[BlackElo "1944"]

1.d4 d5 2.c4 c6 3.Nc3 Nf6 4.e3 e6 5.Nf3 Bb4 6.Bd3 O-O 7.O-O dxc4 8.Bxc4 c5
9.a3 cxd4 10.axb4 dxc3 11.bxc3 Qc7 12.Qb3 b6 13.Bb2 Bb7 14.Be2 Nbd7 15.h3 Ne4
16.Rfd1 Ndf6 17.Ba6 Rad8 18.Bxb7 Qxb7 19.Qa3 a5 20.Qb3 axb4 21.cxb4 Nd5 22.Nd4 Ra8
23.f3 Nef6 24.e4 Nf4 25.Qe3 Ng6 26.Ne2 Rxa1 27.Bxa1 Ra8 28.Bd4 Ra2 29.Bxb6 Rxe2
30.Rd8+ Nf8 31.Rxf8+ Kxf8 32.Bc5+ Ke8 33.Qxe2 Nd7 34.Qc4 Qc7 35.Qd4 e5 36.Qd5 Nxc5
37.bxc5 Ke7 38.Kf2 f6 39.Ke3 Qa7 40.Qd6+ Kf7 41.Kf2 h5 42.Kg3 Qa5 43.Qd7+ Kg6
44.Qe8+ Kh6 45.Qh8+ Kg6 46.Kh4 Kf7 47.Qxh5+ Ke7 48.Qh7 Kf7 49.Kh5 Qxc5 50.Qg6+ Kf8
51.g3  1/2-1/2

[Event "40th Olympiad Open"]
[Site "Istanbul TUR"]
[Date "2012.08.31"]
[Round "4.28"]
[White "Maznitsin,A"]
[Black "Beinoras,M"]
[Result "1/2-1/2"]
[WhiteElo "2283"]
[BlackElo "2346"]

1.c4 c6 2.Nf3 d5 3.d4 Nf6 4.Nc3 e6 5.e3 Nbd7 6.Bd3 Bd6 7.O-O O-O 8.e4 dxe4
9.Nxe4 Nxe4 10.Bxe4 h6 11.Bc2 e5 12.Qd3 f5 13.c5 Bc7 14.Qb3+ Kh8 15.dxe5 Nxe5
16.Bf4 Be6 17.Qc3 Nxf3+ 18.Qxf3 Bd5 19.Bxc7 Qxc7 20.Qc3 Rae8 21.Rfe1 Qf7
22.a3 Be4 23.Rad1 Bxc2 24.Qxc2 Rxe1+ 25.Rxe1 Re8 26.Rxe8+ Qxe8 27.g3 Qe5
28.Kg2 Qd5+ 29.Kg1 Qe5 30.Kg2 Qd5+ 31.Kg1 Qe5  1/2-1/2

[Event "40th Olympiad Open"]
[Site "Istanbul TUR"]
[Date "2012.08.31"]
[Round "4.26"]
[White "Parligras,M"]
[Black "Cubas,Jo"]
[Result "1/2-1/2"]
[WhiteElo "2618"]
[BlackElo "2507"]

1.d4 d5 2.c4 c6 3.Nf3 Nf6 4.e3 e6 5.Nc3 a6 6.b3 Bb4 7.Bd2 O-O 8.Bd3 Nbd7
9.O-O Bd6 10.Re1 dxc4 11.bxc4 e5 12.Qc2 h6 13.h3 Re8 14.Rad1 Qe7 15.dxe5 Bxe5
16.Nxe5 Nxe5 17.Be2 b5 18.cxb5 cxb5 19.Ne4 Bb7 20.Ng3 Rac8 21.Qb1 Qe6 22.Bb4 Nd5
23.Rd4 Nxb4 24.Rxb4 Qc6 25.Bf1 Nc4 26.Rc1 Ba8 27.a4 Qd6 28.Bxc4 bxc4 29.Rcxc4 Rxc4
30.Rxc4 Bxg2 31.Nf5 Qe5 32.Nxh6+ gxh6 33.Rg4+ Kh8 34.Kxg2 h5 35.Rg3 Rg8 36.Rxg8+ Kxg8
37.Qb4 Qd5+ 38.Kg1 Qf3 39.Qh4 Kh7 40.Kh2 a5 41.Qf4 Qd5 42.h4 Kg6 43.Kg3 f6
44.Qb8 Qe4 45.Qf4 Qd5 46.Kh2 Kf7 47.Kg1 Kg6 48.Kf1 Qd1+ 49.Kg2 Qd5+ 50.Qf3 Qc4
51.Qg3+ Kf7 52.Qf3 Qxh4 53.Qd5+ Kg7  1/2-1/2

[Event "37th Trade Fair Open A"]
[Site "Brno CZE"]
[Date "2012.09.01"]
[Round "8"]
[White "Chytilek,R"]
[Black "Dambrauskas,V"]
[Result "1-0"]
[WhiteElo "2396"]
[BlackElo "2322"]

1.d4 d5 2.c4 c6 3.Nc3 Nf6 4.e3 e6 5.Nf3 Nbd7 6.Qc2 Bd6 7.g4 h6 8.Rg1 Nh7
9.h4 Be7 10.e4 dxe4 11.Nxe4 Nhf6 12.Nc3 Nf8 13.Be3 b6 14.O-O-O Bb7 15.g5 hxg5
16.hxg5 N6d7 17.g6 Nxg6 18.Bd3 Ngf8 19.Rxg7 Bf6 20.Rg4 Be7 21.Bf4 Nf6 22.Rgg1 N8d7
23.Kb1 c5 24.d5 exd5 25.cxd5 Nxd5 26.Nxd5 Bxd5 27.Bb5 Bxf3 28.Rxd7 Kf8 29.Rxd8+ Rxd8
30.Qc3  1-0

[Event "19th Graz Open 2012"]
[Site "Graz AUT"]
[Date "2012.09.01"]
[Round "8.9"]
[White "Schreiner,Pe"]
[Black "Drnovsek,N"]
[Result "1-0"]
[WhiteElo "2444"]
[BlackElo "2107"]

1.Nf3 d5 2.c4 c6 3.e3 Nf6 4.Nc3 e6 5.d4 Nbd7 6.Qc2 Bd6 7.Bd3 Qe7 8.O-O O-O
9.c5 Bc7 10.e4 dxe4 11.Nxe4 Nxe4 12.Bxe4 h6 13.Re1 e5 14.Bf4 Nf6 15.Bxe5 Nxe4
16.Qxe4 Be6 17.Qf4 Bxe5 18.Nxe5 Qc7 19.Ng6 Qxf4 20.Nxf4 Rad8 21.Rxe6 fxe6  1-0

[Event "11th Istanbul Open A"]
[Site "Istanbul TUR"]
[Date "2012.09.01"]
[Round "3"]
[White "Saint,Andrew"]
[Black "Ghattour,M"]
[Result "0-1"]
[WhiteElo "1929"]
[BlackElo "2125"]

1.d4 d5 2.c4 e6 3.Nf3 Nf6 4.Nc3 c6 5.e3 Nbd7 6.Bd3 Bd6 7.O-O Qe7 8.cxd5 exd5
9.Qc2 O-O 10.e4 dxe4 11.Bxe4 Nxe4 12.Nxe4 Nf6 13.Nxd6 Qxd6 14.Be3 Nd5 15.Rfe1 Qg6
16.Qxg6 hxg6 17.a3 f6 18.Nd2 Bf5 19.Nb1 Bxb1 20.Raxb1 Rfe8 21.Bd2 Kf7 22.Kf1 Rad8
23.Rxe8 Rxe8 24.Re1 Rd8 25.f3 Nc7 26.Be3 Rd5 27.Rd1 Ke6 28.Ke2 Rb5 29.Rd2 Kd5
30.Kd1 a5 31.Kc2 a4 32.Rd3 Ne6 33.Kc3 Rb3+ 34.Kc2 Kc4 35.Rc3+ Rxc3+ 36.bxc3 Nc7
37.Bc1 Nb5 38.Bb2 g5 39.g4 g6 40.h3 b6 41.f4 gxf4 42.h4 Nd6 43.h5 gxh5 44.gxh5 Nf7
45.Bc1 f3 46.Be3 f5 47.Kd2 Kb3 48.Kd3 Kxa3 49.c4 Kb4 50.d5 cxd5 51.cxd5 a3
52.Bd4 a2 53.Bg7 Kc5 54.Ke3 Kxd5 55.Kxf3 Ne5+  0-1

[Event "40th Olympiad Women"]
[Site "Istanbul TUR"]
[Date "2012.09.01"]
[Round "5.12"]
[White "Tuvshintugs,B"]
[Black "Mammadova,G"]
[Result "0-1"]
[WhiteElo "2311"]
[BlackElo "2324"]

1.d4 d5 2.c4 c6 3.Nf3 Nf6 4.Nc3 e6 5.e3 Nbd7 6.Qc2 Bd6 7.g4 Nxg4 8.Rg1 f5
9.h3 Ngf6 10.cxd5 exd5 11.Rxg7 Ne4 12.Be2 Qf6 13.Rg1 Nf8 14.Ne5 Qh4 15.Nxe4 Bxe5
16.Nc5 Bd6 17.Rg7 Bxc5 18.Qxc5 Qf6 19.Rg1 Ng6 20.Bd2 f4 21.exf4 Bxh3 22.Rg3 Bf5
23.Re3+ Kf7 24.O-O-O Rhe8 25.Bh5 b6 26.Qc3 Rec8 27.Qb3 Kg7 28.Bxg6 Bxg6 29.Re5 c5
30.Rg1 cxd4+ 31.Kd1 Re8 32.Qxd5 Rad8 33.Qb5 Kh8 34.Rge1 Rf8 35.Bb4 a6 36.Qe2 Qxf4
37.Bxf8 Rc8 38.Qd2 Qf3+ 39.R5e2 d3 40.Bb4 dxe2+ 41.Rxe2 Bh5 42.Bc3+ Rxc3
43.Qd8+ Kg7 44.Qg5+ Kf7 45.Qe7+ Kg6 46.Qe8+ Qf7 47.Qe4+ Qf5  0-1

[Event "40th Olympiad Open"]
[Site "Istanbul TUR"]
[Date "2012.09.01"]
[Round "5.41"]
[White "Beinoras,M"]
[Black "Jumabayev,R"]
[Result "1/2-1/2"]
[WhiteElo "2346"]
[BlackElo "2525"]

1.d4 Nf6 2.c4 e6 3.Nf3 d5 4.Nc3 c6 5.e3 Nbd7 6.Qc2 Bd6 7.b3 O-O 8.Be2 e5
9.cxd5 cxd5 10.Nb5 Bb4+ 11.Bd2 Bxd2+ 12.Nxd2 e4 13.O-O Nb6 14.Rfc1 Bd7 15.a4 a6
16.Nc3 a5 17.Qb2 Qe7 18.Rc2 Rfc8 19.Rac1 h5 20.Na2 Bc6 21.Nb1 h4 22.Qa3 Qe6
23.Nac3 g6 24.Nb5 Kg7 25.Qc5 Nbd7 26.Qd6 Nb8 27.Qxe6 fxe6 28.N1c3 Na6 29.Na2 Ne8
30.f3 exf3 31.gxf3 g5 32.Kf2 Bd7 33.Rxc8 Rxc8 34.Rxc8 Bxc8 35.Na7 Bd7 36.Bxa6 bxa6
37.b4 axb4 38.Nxb4 a5 39.Nbc6 Kf6 40.Nxa5 Bxa4 41.N7c6 Nd6 42.Ne5 Kf5 43.Ke1 Kf6
44.Kd2 Kf5 45.Ke1 Kf6 46.Kf2 Kf5 47.Kg2 Kf6 48.Kg1 Kf5 49.Kf2 Kf6 50.Nd3 Bb5
51.Nc5 e5 52.Nab3 e4 53.fxe4 dxe4 54.Nd2 Kf5 55.Kg2 Ne8 56.Nb1 Be2 57.h3 Bf3+
58.Kh2 Nf6 59.Nc3 g4 60.hxg4+ Nxg4+ 61.Kh3 Nxe3 62.Kxh4 Kf4 63.Ne6+ Kf5 64.Nc5 Kf4
65.Ne6+ Kf5 66.Nc5 Kf4 67.Ne6+ Kf5 68.Nc5  1/2-1/2

[Event "40th Olympiad Open"]
[Site "Istanbul TUR"]
[Date "2012.09.01"]
[Round "5.15"]
[White "Dao Thien Hai"]
[Black "Shanava,K"]
[Result "1/2-1/2"]
[WhiteElo "2518"]
[BlackElo "2569"]

1.d4 d5 2.c4 c6 3.Nf3 Nf6 4.Nc3 e6 5.e3 Nbd7 6.b3 Bd6 7.Be2 O-O 8.O-O b6
9.Bb2 Bb7 10.Qc2 Qe7 11.Rad1 Rac8 12.e4 Nxe4 13.Nxe4 dxe4 14.Qxe4 Nf6 15.Qe3 c5
16.Ne5 Rfd8 17.Bf3 Bxf3 18.Qxf3 Qc7 19.Rfe1 cxd4 20.Bxd4 Bb4 21.Re3 Bc5 22.Bxc5 Qxc5
23.h3 Rxd1+ 24.Qxd1 h6 25.Nd7 Nxd7 26.Qxd7 Rc7 27.Qd8+ Kh7 28.Rd3 Qe5 29.Re3 Qc5
30.Rd3 Qe5 31.Re3 Qc5  1/2-1/2

[Event "37th Trade Fair Open A"]
[Site "Brno CZE"]
[Date "2012.09.02"]
[Round "9"]
[White "Skacelik,P"]
[Black "Zavacky,P"]
[Result "1-0"]
[WhiteElo "2202"]
[BlackElo "2104"]

1.d4 d5 2.c4 c6 3.Nc3 Nf6 4.Nf3 e6 5.e3 Nbd7 6.Bd3 Bd6 7.O-O dxc4 8.Bxc4 b5
9.Bd3 a6 10.e4 Be7 11.e5 Nd5 12.Nxd5 cxd5 13.Be3 Bb7 14.Rc1 h6 15.Bb1 Nb6
16.b3 Rc8 17.Rxc8 Nxc8 18.Nd2 Qc7 19.f4 g6 20.g4 Qc3 21.Qe2 Rg8 22.Nf3 Na7
23.Rc1 Qa5 24.Kh1 Nc6 25.f5 g5 26.Qg2 Ba3 27.Rd1 Qc3 28.Bd2 Qb2 29.Be1 Qxg2+
30.Kxg2 Bb2 31.Bf2 a5 32.h4 a4 33.hxg5 hxg5 34.Be3 a3 35.Kg3 b4 36.Rh1 exf5
37.Bxf5 Ba6 38.Rh6 Bb5 39.e6 f6 40.Rxf6 Be2 41.Bg6+ Ke7 42.Rf7+ Ke8 43.Bh5 Bxf3
44.Rc7+ Kd8 45.Rxc6 Bd1 46.Ra6 Rg7 47.Ra8+ Ke7 48.Ra7+ Kxe6 49.Rxg7 Bxb3
50.axb3 a2 51.Ra7 Ba3 52.Bxg5 a1=Q 53.Bf7+ Kd6 54.Be7+ Kc6 55.Be8+  1-0

[Event "19th Graz Open 2012"]
[Site "Graz AUT"]
[Date "2012.09.02"]
[Round "9.2"]
[White "Hera,I"]
[Black "Sakelsek,T"]
[Result "1-0"]
[WhiteElo "2568"]
[BlackElo "2438"]

1.d4 d5 2.c4 c6 3.Nc3 Nf6 4.e3 e6 5.Nf3 Nbd7 6.Be2 Bd6 7.b3 O-O 8.Bb2 Ne4
9.Rc1 f5 10.Rc2 Qe7 11.O-O b6 12.Bd3 Bb7 13.Ne2 c5 14.Ne5 cxd4 15.Nxd7 Qxd7
16.Bxe4 dxe4 17.Nxd4 Rad8 18.Qa1 a6 19.Ne2 f4 20.exf4 Bxf4 21.Nxf4 Rxf4 22.Bc1 Rff8
23.Bg5 Rde8 24.Be3 Qc6 25.Qd4 b5 26.Rd1 e5 27.Qb2 Rd8 28.Rxd8 Rxd8 29.h3 bxc4
30.Rxc4 Qe6 31.Rc7 Rd7 32.Rxd7 Qxd7 33.Qxe5 h6 34.Bd4 Kh7 35.Kf1 Qf7 36.Ke1 Qg6
37.g4 e3 38.f4 Qb1+ 39.Ke2 Qc2+ 40.Kxe3 Qc1+ 41.Kf2 Qd2+ 42.Kg3 Qd3+ 43.Kh4 Qg6
44.Qe7 Bd5 45.f5 Qf7 46.Qxf7 Bxf7 47.Kg3 g6 48.Kf4 gxf5 49.gxf5 Kg8 50.Ke5 Be8
51.Kf6 h5 52.Ke7 Bc6 53.b4  1-0

[Event "FSGM Sept 2012"]
[Site "Budapest HUN"]
[Date "2012.09.03"]
[Round "3.4"]
[White "Flumbort,A"]
[Black "Ashwin,J"]
[Result "1/2-1/2"]
[WhiteElo "2503"]
[BlackElo "2473"]

1.d4 d5 2.c4 c6 3.Nc3 Nf6 4.e3 e6 5.Nf3 Nbd7 6.Bd3 dxc4 7.Bxc4 b5 8.Bd3 Bd6
9.O-O O-O 10.Qc2 Bb7 11.e4 e5 12.h3 a6 13.dxe5 Nxe5 14.Nxe5 Bxe5 15.Be3 Re8
16.Rfd1 Qc7 17.a4 Rac8 18.Rac1 h6 19.Ne2 c5 20.axb5 axb5 21.Qxc5 Qxc5 22.Rxc5 Rxc5
23.Bxc5 Bxe4 24.Bxb5  1/2-1/2

[Event "40th Olympiad Women"]
[Site "Istanbul TUR"]
[Date "2012.09.03"]
[Round "6.35"]
[White "Montilla,J"]
[Black "Finnbogadottir,T"]
[Result "1-0"]
[WhiteElo "2050"]
[BlackElo "1832"]

1.d4 d5 2.c4 c6 3.Nc3 Nf6 4.Nf3 e6 5.e3 Nbd7 6.Qc2 Bd6 7.Bd3 O-O 8.O-O a6
9.a4 b6 10.e4 dxe4 11.Nxe4 Be7 12.Ne5 Bb7 13.Ng5 g6 14.Nxg6 hxg6 15.Bxg6 Ng4
16.Bxf7+ Rxf7 17.Nxe6 Qe8 18.Qg6+ Kh8 19.Qxg4 Bd6 20.Bh6 Bf8 21.Bxf8 Nxf8
22.Ng5 Rg7 23.Rae1 Qg6 24.f4 Rd8 25.h4 Rxd4 26.h5 Qf6 27.Re8 c5 28.Rf2 Bc6
29.Rb8 Bxa4 30.Qe6 Rd1+ 31.Kh2 Rd6 32.Qe5 Kg8 33.g3 Bd1 34.Ne4 Qh6 35.Nxd6 Bxh5
36.Nf5 Qh7 37.Qxg7+ Qxg7 38.Nxg7 Kxg7 39.Rxb6 Bf7 40.Rxa6 Bxc4 41.Rc6 Nd7
42.Rc7 Be6 43.f5  1-0

[Event "40th Olympiad Women"]
[Site "Istanbul TUR"]
[Date "2012.09.03"]
[Round "6.23"]
[White "Cmilyte,V"]
[Black "Tuominen,T"]
[Result "1-0"]
[WhiteElo "2520"]
[BlackElo "2101"]

1.d4 d5 2.c4 c6 3.Nf3 Nf6 4.Nc3 e6 5.e3 Nbd7 6.Qc2 Bd6 7.g4 h6 8.Rg1 dxc4
9.Bxc4 b5 10.Bd3 Bb7 11.Bd2 a6 12.Ne4 Nxe4 13.Bxe4 Qb6 14.g5 hxg5 15.Nxg5 Rh6
16.f4 Rc8 17.f5 c5 18.fxe6 fxe6 19.Bg6+ Ke7 20.Nxe6 Bxh2 21.Nxg7 Bxg1 22.Nf5+ Kd8
23.Nxh6 Rc6 24.Nf7+ Ke7 25.Qe4+ Re6 26.Qh4+ Nf6 27.dxc5 Qc6 28.Nd6 Qg2 29.Nf5+ Kd7
30.O-O-O Qxg6 31.Ba5+ Bd5 32.Rxd5+ Nxd5 33.Qd8+ Kc6 34.Qc8+ Nc7 35.Qxc7+ Kd5
36.Qd7+ Ke5 37.Qd4+  1-0

[Event "40th Olympiad Women"]
[Site "Istanbul TUR"]
[Date "2012.09.03"]
[Round "6.13"]
[White "Gevorgyan,I"]
[Black "Efroimski,M"]
[Result "0-1"]
[WhiteElo "2178"]
[BlackElo "2174"]

1.d4 d5 2.c4 e6 3.Nc3 c6 4.e3 Nf6 5.Nf3 Nbd7 6.Qc2 Bd6 7.b3 O-O 8.Be2 Qe7
9.Bb2 b6 10.O-O Bb7 11.e4 dxe4 12.Nxe4 Nxe4 13.Qxe4 f5 14.Qh4 Nf6 15.Rad1 Rad8
16.Rfe1 Bb4 17.Rf1 Bd6 18.Rfe1 Bb4 19.Rf1 Bd6 20.Qh3 c5 21.dxc5 Bxc5 22.Ne5 Ne4
23.Nd3 Bd4 24.Bxd4 Rxd4 25.Nf4 Rfd8 26.Qe3 Rxd1 27.Rxd1 Rxd1+ 28.Bxd1 e5
29.Nd5 Bxd5 30.cxd5 Qc5 31.Qxc5 bxc5 32.Bc2 Nd6 33.f3 Kf7 34.Kf2 g6 35.Ke3 Nb5
36.Kd3 Ke7 37.Kc4 Na3+  0-1

[Event "40th Olympiad Open"]
[Site "Istanbul TUR"]
[Date "2012.09.03"]
[Round "6.73"]
[White "Tarlabasi,Emirhan"]
[Black "Elarbi,A"]
[Result "0-1"]
[WhiteElo "1740"]
[BlackElo "2259"]

1.d4 d5 2.c4 c6 3.Nc3 Nf6 4.e3 e6 5.Nf3 Nbd7 6.Bd3 Bd6 7.O-O O-O 8.b3 dxc4
9.Bxc4 e5 10.Bb2 e4 11.Nd2 Qe7 12.Be2 Re8 13.Nc4 Bc7 14.Ba3 Qe6 15.Nd2 Nb6
16.Rc1 Nbd5 17.Nxd5 Nxd5 18.Qc2 Qh6 19.g3 Bh3 20.Nxe4 f5 21.Nc5 f4 22.e4 fxg3
23.hxg3 Nf6 24.f4 Bxf1 25.Rxf1 Qg6 26.Bc4+ Kh8 27.Qg2 Ng4 28.Bc1 Qd6 29.Rd1 Bb6
30.e5 Qe7 31.b4 a5 32.Be2 Nh6 33.Bd2 axb4 34.Bxb4 Nf5 35.Qf2 Rxa2 36.Kf1 Bxc5
37.Bxc5 Qd7 38.g4 Ne7 39.f5 Nd5 40.Qf3 b6 41.Bd6 Qa7 42.Bc4 Ra1 43.Bxd5 cxd5
44.Qe2 Qa4 45.Ke1 Qxd4 46.e6 Rea8 47.e7 Qg1+ 48.Kd2 R8a2+ 49.Kd3 Rxd1+  0-1

[Event "40th Olympiad Open"]
[Site "Istanbul TUR"]
[Date "2012.09.03"]
[Round "6.12"]
[White "Abdel Razik,K"]
[Black "Dao Thien Hai"]
[Result "1/2-1/2"]
[WhiteElo "2448"]
[BlackElo "2518"]

1.d4 d5 2.c4 c6 3.Nf3 Nf6 4.Nc3 e6 5.e3 Nbd7 6.Qc2 Bd6 7.g4 Nxg4 8.Rg1 Qf6
9.Rxg4 Qxf3 10.Rxg7 Nf6 11.Rg5 Ne4 12.Nxe4 Qxe4 13.Qe2 Bd7 14.Bg2 Qh4 15.e4 dxe4
16.Rh5 Qf6 17.Qxe4 Qg6 18.Rh6 Qg7 19.Bf1 O-O-O 20.Bd2 f5 21.Qh4 Be7 22.Qf4 c5
23.Qe5 Qxe5+ 24.dxe5 Rdg8 25.O-O-O Rg6 26.Rh5 Be8 27.Rh3 h5 28.Rg3 Rxg3 29.fxg3 h4
30.Be2 hxg3 31.hxg3 Rh2 32.Re1  1/2-1/2

[Event "40th Olympiad Women"]
[Site "Istanbul TUR"]
[Date "2012.09.03"]
[Round "6.55"]
[White "Naipal,Ekaterina"]
[Black "Gray,Krishna"]
[Result "1-0"]
[WhiteElo "1756"]
[BlackElo "1728"]

1.d4 d5 2.c4 c6 3.Nc3 Nf6 4.Nf3 e6 5.e3 Be7 6.Bd3 O-O 7.O-O dxc4 8.Bxc4 b5
9.Bd3 Bb7 10.Qc2 Nbd7 11.Rd1 Rc8 12.e4 h6 13.Qe2 b4 14.Na4 Qa5 15.b3 c5 16.e5 Nd5
17.Qe4 f5 18.exf6 Rxf6 19.Ne5 Nxe5 20.dxe5 Rf5 21.Qg4 h5 22.Qg6 Nf4 23.Bxf4 Rxf4
24.Qh7+ Kf8 25.Bg6  1-0

[Event "11th Kesarovski-Stanchev Mem"]
[Site "Sunny Beach BUL"]
[Date "2012.09.03"]
[Round "3.43"]
[White "Galicek,S"]
[Black "Taylor,RG"]
[Result "1-0"]
[WhiteElo "2164"]
[BlackElo "1929"]

1.d4 d5 2.c4 e6 3.Nc3 c6 4.e3 Nf6 5.Nf3 Nbd7 6.Qc2 Be7 7.Bd3 O-O 8.O-O h6
9.Rd1 dxc4 10.Bxc4 Nd5 11.e4 Nb4 12.Qe2 a5 13.a3 Na6 14.e5 Re8 15.Qe4 Nf8
16.Qg4 Kh8 17.Qh5 Nc7 18.Qxf7 Nd5 19.Ne4 Nh7 20.Ng3 Rf8 21.Qg6 Qe8 22.Qe4 Qf7
23.Bd3 g5 24.Be3 Rg8 25.h3 Bd7 26.Nh2 Be8 27.Qf3 Rd8 28.Qe2 Nf4 29.Qf1 Nf8
30.Ng4 Qg7 31.Bxf4 gxf4 32.Ne4 Nh7 33.Bc4 Bf7 34.Nh2 Bg6 35.f3 Bf5 36.Kh1 Rd7
37.Rd2 Rgd8 38.Rad1 Bh4 39.Nd6 Bg6 40.Bd3 Ng5 41.Bxg6 Qxg6 42.Ng4 h5 43.Nf6 Rg7  1-0

[Event "XVI BCC Open"]
[Site "Cesenatico ITA"]
[Date "2012.09.04"]
[Round "4"]
[White "Naumkin,I"]
[Black "Di Trapani,D"]
[Result "1-0"]
[WhiteElo "2473"]
[BlackElo "2077"]

1.d4 d5 2.c4 c6 3.Nf3 Nf6 4.Nc3 e6 5.e3 Nbd7 6.Qc2 Bd6 7.Bd3 O-O 8.O-O dxc4
9.Bxc4 a6 10.h3 c5 11.Rd1 cxd4 12.exd4 Qc7 13.Bd3 b5 14.a3 Bb7 15.Qe2 Rac8
16.Re1 Nd5 17.Ne4 Nf4 18.Bxf4 Bxf4 19.Rad1 Rfd8 20.b4 Bxe4 21.Bxe4 Nf6 22.d5 exd5
23.Bxd5 Re8 24.Qa2 Rxe1+ 25.Rxe1 Nxd5 26.Qxd5 g6 27.h4 Qc4 28.Qd7 Qc7 29.Qd4 Qc4
30.Qf6 Bh6 31.Qxa6 Bg7 32.h5 gxh5 33.Qb7 Bb2 34.Ng5 Rf8 35.Qf3 Qc3 36.Re3 Qc1+
37.Kh2 h6 38.Nh3 Qc7+ 39.g3 Bd4 40.Re2 Kh8 41.Qxh5 Qb6 42.Qd5 Kg7 43.Qf3 Rd8
44.Nf4 Kg8 45.Nd5 Qd6 46.Ne7+ Kf8 47.Nf5 Qf6 48.Rc2 Kg8 49.Rc6  1-0

[Event "40th Olympiad Open"]
[Site "Istanbul TUR"]
[Date "2012.09.04"]
[Round "7.38"]
[White "Maznitsin,A"]
[Black "Al Sayed,Mohamad"]
[Result "1/2-1/2"]
[WhiteElo "2283"]
[BlackElo "2517"]

1.c4 c6 2.Nf3 d5 3.d4 Nf6 4.Nc3 e6 5.e3 Nbd7 6.Bd3 dxc4 7.Bxc4 b5 8.Bd3 a6
9.O-O c5 10.e4 cxd4 11.Nxd4 Bb7 12.Re1 Ne5 13.Bc2 Bc5 14.Nb3 Qxd1 15.Nxd1 Bb4
16.Re2 Rc8 17.a3 Be7 18.Na5 Ba8 19.b4 O-O 20.Bb2 Ng6 21.g3 Rfd8 22.f3 Nd7
23.Nf2 Nde5 24.Kg2 Bf6 25.Rd1 Rxd1 26.Bxd1 Bd8 27.Nb3 Bb6 28.Bd4 Bxd4 29.Nxd4 Nc4
30.Bb3 Nge5 31.Nc2 Rd8 32.Bxc4 Nxc4 33.Ne3 Ne5 34.Rc2 Nc6 35.Rc3 Kf8 36.Nd3 Ke7
37.g4 g5  1/2-1/2